Bill Mill Lodge, Herefordshire (Record no. 116604)

MARC details
000 -LEADER
fixed length control field 00712cam a22001935a 4500
001 - CONTROL NUMBER
control field L141116
008 - FIXED-LENGTH DATA ELEMENTS--GENERAL INFORMATION
fixed length control field 071029s1817 xxk eng u
035 ## - SYSTEM CONTROL NUMBER
System control number (Sirsi) u141116
041 0# - LANGUAGE CODE
Language code of text/sound track or separate title eng
110 2# - MAIN ENTRY--CORPORATE NAME
Corporate name or jurisdiction name as entry element W Moore and Son
9 (RLIN) 5369
245 00 - TITLE STATEMENT
Title Bill Mill Lodge, Herefordshire
Remainder of title to be sold by auction by W. Moore & Son at the King's Head Inn in the town of Ross on Monday November 3, 1817...also the Manor of Hope Mansell in the said county of Hereford...
260 ## - PUBLICATION, DISTRIBUTION, ETC.
Place of publication, distribution, etc. S.l.
Name of publisher, distributor, etc. s.n.
Date of publication, distribution, etc. [1817]
300 ## - PHYSICAL DESCRIPTION
Extent 1 sheet
Dimensions 36 x 25 cm.
340 ## - PHYSICAL MEDIUM
Material base and configuration Printed
351 ## - ORGANIZATION AND ARRANGEMENT OF MATERIALS
Hierarchical level Single item
651 4# - SUBJECT ADDED ENTRY--GEOGRAPHIC NAME
Geographic name Herefordshire
690 ## - LOCAL SUBJECT ADDED ENTRY--TOPICAL TERM (OCLC, RLIN)
Topical term or geographic name as entry element PROPERTY-PROPERTY ACQUISITION AND DISPOSAL-ACQUISITION AND DISPOSAL AT AUCTION
942 ## - ADDED ENTRY ELEMENTS (KOHA)
Suppress in OPAC 0
Holdings
Withdrawn status Lost status Source of classification or shelving scheme Damaged status Not for loan Home library Current library Shelving location Date acquired Total Checkouts Full call number Barcode Date last seen Copy number Price effective from Koha item type
    Dewey Decimal Classification     London London Basement 29/10/2007   BASEMENT BOX 5 141116-1001 06/08/2019 1 06/08/2019 Archive